Name all of Hypixel's games! - Statistics

General Stats
  • This quiz has been taken 27 times
  • The average score is 17 of 28
Answer Stats
Hint Answer % Correct
Technoblade got a 1,400 winstreak in this game BedWars
95%
Consists of three roles, Innocent, Detective, Murderer Murder Mystery
95%
Game with the most players SkyBlock
90%
You spawn on your own island with three chests SkyWars
90%
Pick a theme, limited time to build, let others rate your builds! Build Battle
86%
Gamemode that consists of 14 minigames, you can choose to 1v1, 2v2, or 4v4! Duels
81%
People can give you cookies that reset each week! Housing
81%
Part of TNT Games (TNT despawns below you) TNT Run
81%
Part of TNT Games (Don't get the TNT) TNT Tag
76%
Consists of 18 minigames. (Games such as Zombies, Dropper are in it) Arcade Games
71%
Very old gamemode, you spawn with 24 players and there's chests in the middle of the map. Blitz SG
71%
Hardcore survival, where if you lose hearts you won't regenerate them naturally. Iconic. UHC
71%
Part of TNT Games (You shoot your bow and have to make the other person fall) Bow Spleef
67%
Part of Wool Games (4v4, first to fill up the middle wins) Wool Wars
67%
You can create a server in this Hypixel SMP
62%
Part of the question above, you have to guess what the person is building in this gamemode! Guess the Build
57%
Game consisting of duping, cheaters, one of the most toxic communities. The Pit
57%
Game with a lot of chaos (Most recent game in Hypixel as of 2025-03-22) Disasters
52%
Epic 100 player game with classes in it. Mega Walls
52%
Part of Wool Games (Most recently added, you get sheep and you have to explode the other team) Sheep Wars
48%
Part of Wool Games (Iconic outside of Hypixel, recently moved from the Classic Games lobby) Capture the Wool
43%
Consists of 6 minigames. (Includes games such as Quakecraft, the first minigame added to Hypixel.) Classic Games
43%
Game that isn't active anymore, you choose a hero in this gamemode and fight. Smash Heroes
38%
Inspired by Counter-Strike Cops and Crims
33%
Part of TNT Games (TNT despawns below you but you have to fight) PVP Run
29%
Part of the question above, recently added, there is limited time to see a build and recreate it. Speed Builders
29%
Game that isn't active anymore, consists of the gamemodes Capture The Flag, Domination, Team Deathmatch. Warlords
29%
Part of TNT Games (Need to capture three points Alpha, Beta, Gamma, there's classes) Wizards
29%
No matching quizzes found
Score Distribution
Percent of People with Each Score
Percentile by Number Answered
Your Score History
You have not taken this quiz